000 00494nam a22001457a 4500
999 _c535729
_d535729
082 _a621.3678
100 _aHassan, Zahra
245 _aLandslide Susceptibility Mapping of Rawalakot Using Remote Sensing and GIS /
_cZahra Hassan.
260 _aIslamabad :
_bIGIS - NUST,
_c2015.
300 _a66 p. : ill. ;
_c30cm.
942 _2ddc
_cTHE
650 _aRemote Sensing & GIS - MS Theses.
_928080
700 _aSup Dr. Javed Iqbal.
_930361